Sustaining China's economic growth in the twenty-first century

Bibliographic Details
Corporate Author: ProQuest (Firm)
Other Authors: Yao, Shujie., Liu, Xiaming, 1954-
Format: Electronic eBook
Language:English
Published: London : RoutledgeCurzon, 2003.
Series:RoutledgeCurzon studies on the Chinese economy ; 3.
Subjects:
Online Access:Click to View
LEADER 01653nam a2200433Ia 4500
001 EBC172841
003 MiAaPQ
005 20200520144314.0
006 m o d |
007 cr cn|||||||||
008 020812s2003 enka sb 001 0 eng d
010 |z  2002031697 
020 |z 0415297265 
020 |a 0203423038 (electronic bk.) 
035 |a (MiAaPQ)EBC172841 
035 |a (Au-PeEL)EBL172841 
035 |a (CaPaEBR)ebr10101109 
035 |a (CaONFJC)MIL2256 
035 |a (OCoLC)437079521 
040 |a MiAaPQ  |c MiAaPQ  |d MiAaPQ 
050 4 |a HC427.95  |b .S87 2003 
082 0 4 |a 338.951/009/0511  |2 21 
245 0 0 |a Sustaining China's economic growth in the twenty-first century  |h [electronic resource] /  |c edited by Shujie Yao and Xiaming Liu. 
260 |a London :  |b RoutledgeCurzon,  |c 2003. 
300 |a xxiii, 291 p. :  |b ill. 
490 1 |a RoutledgeCurzon studies on the Chinese economy ;  |v 3 
504 |a Includes bibliographical references and index. 
533 |a Electronic reproduction. Ann Arbor, MI : ProQuest, 2015. Available via World Wide Web. Access may be limited to ProQuest affiliated libraries. 
651 0 |a China  |x History. 
651 0 |a China  |x Economic policy  |y 2000- 
651 0 |a China  |x Economic policy  |y 1976-2000. 
651 0 |a China  |x Economic conditions  |y 2000- 
651 0 |a China  |x Economic conditions  |y 1976-2000. 
655 4 |a Electronic books. 
700 1 |a Yao, Shujie. 
700 1 |a Liu, Xiaming,  |d 1954- 
710 2 |a ProQuest (Firm) 
830 0 |a RoutledgeCurzon studies on the Chinese economy ;  |v 3. 
856 4 0 |u https://ebookcentral.proquest.com/lib/matrademy/detail.action?docID=172841  |z Click to View